00738cam a2200193 a 450000100100000000500170001000800410002704000300006808200170009810000430011524500470015826000500020530000260025565000300028165000640031191000340037595201200040999900150052900000765620200929154241.0720810s1970 sp b 001 0 spa  aDO-SdBNPcNhDdOCoLCdDLC a864.6bB641j1 aBlanco Aguinaga, Carlos,d1926-92123310aJuventud del 98 /cCarlos Blanco Aguinaga. aMadrid :bSiglo Veintiuno de España,c1970. axiv, 327 p. ;c19 cm. 4aEnsayos españoles93095 4aLiteratura españolaySIGLO XXxHistoria y crítica93061 aCatalogación por copia / LC 001052708MOaGRbGRcCTd2009-09-09iLF1l0o864.6 B641jp7656-10r2020-06-25w2020-06-25y2ZPréstamo interno c7436d7436